000 00763nam a2200205Ia 4500
003 GCL
008 140319s9999 xx 000 0 ara d
040 _aGCL /
_cGCL
082 0 4 _a241
_bا ت
100 1 _aمحمد غياث الحنباز (تحقيق)
245 1 0 _aكتاب التصديق بالنظر الى الله تعالى فى الاخرة /
_cمحمد غياث الحنباز (تحقيق)
700 1 _aالاجرى ابوبكر محمد بن الحسين
700 1 _aالاجرى الحنبلى،ابى بكر بن الحس
260 _a[S.N] :
_bدار عالم الكتب للنشر والتوزيع ،
_c1986
300 _a126 ص
490 _a
650 0 4 _aالعقيدة الاسلامية
650 0 4 _aتحقيق
942 _2ddc
_cBK
999 _c53153
_d53153